000 00717nam a2200289Ia 4500
005 20260324130458.0
008 008 260324s9999 xx 000 0 eng d
020 _a9781849775922
037 _aEBOOK
040 _aCRL
040 _beng
040 _cCRL
041 _2eng
041 _aeng
084 _qCRL
100 _aThomas B Fischer
_91181937
245 4 _aThe Theory and Practice of Strategic Environmental Assessment
245 0 _bTowards a More Systematic Approach
260 _bTaylor and Francis
260 _c2007
365 _a
365 _b290
856 _uhttp://www.taylorfrancis.com/books/9781849775922
942 _cEBOOK
999 _c1778135
_d1778135